01415nam a2200349 a 4500001001000000003000500010005001700015008004100032010001100073011001100084040000900095090001000104100004500114245012800159260004100287500006000328502008600388590004100474590003900515590003900554650002800593650002700621650002600648650003600674856007000710901000700780942001000787942000600797999001900803952012400822952011900946000109344CHAP20220329144047.0140422s2013 mx | |sm |||||||spa|d a105806 a106778 cCHAP aTesis1 aRivera González, María Belem912649310aEstudio de la cadena de frío en el transporte de productos cárnicosh[En línea]cpor María Belem Rivera González. aChapingo, Méx. :bEl autor,c2013. aPara ver el contenido del material haga clic en la liga aTesis (Ing. Agroindustrial ) -- UACH. Departamento de Ingeniería Agroindustrial aBATCH-UPDb05c20141002lUCH01h0901 aE792CSJb05c20140422lUCH01h1023 aE792CSJb05c20140422lUCH01h102414aCarne congelada.91911314aFrigoríficos.94331714aRefrigerantes.99561514aTransporte frigorifico.9114641 aFinding aiduhttp://10.13.5.2/tesis/sist109344.pdfzTeclea aquí aBK cTESIS n0 c105806d105806 00102local40718TESISaBCbBCd2014-04-22fTESISl0oTesisp33724002389405r2019-12-31 00:00:00tc.2w2014-04-22yCD 00102local40718TESISaBCbBCd2014-04-22fTESISl0oTesisp33724002389446r2019-12-31 00:00:00w2014-04-22yCD